| 000 | 04065 a2200361 4500 | ||
|---|---|---|---|
| 008 | 090504t xxu||||| |||| 00| 0 hin d | ||
| 010 | _aB-298965-976 | ||
| 020 |
_c125.00 _a8121611512 |
||
| 035 | _aB-298965-976 | ||
| 037 | _bहिन्द पॉकेट बुक्स | ||
| 040 |
_adpl _bHIN |
||
| 082 | _aक | ||
| 100 | _aचतुरसेन, आचा्र्य | ||
| 245 |
_aदुखवा मै कासे कहूं/ _cआचा्र्य चतुरसेन |
||
| 260 |
_aनई दिल्ली _bहिन्द पॉकेट बुक्स _c2007 |
||
| 270 |
_aजे-40, जोरब़ाग लेन _bनई दिल्ली _cनई दिल्ली _e110003 |
||
| 300 |
_a286पृ, _c22 सेमी (अजिल्द) |
||
| 490 |
_aआचा्र्य चतुरसेन की सम्पूर्ण कहानियाँ भा-2 _v2भाग |
||
| 942 |
_adpl _cHN _kक / चतुर _2ddc _hक _mचतुर |
||
| 999 |
_c13018 _d13018 |
||